000 00716nam a22002057a 4500
999 _c178990
_d178990
005 20210504124332.0
010 _aB-739903
020 _a9788187879862
_c225.00
035 _aB-739903
037 _bGift
082 _a335.43
100 _aAlthusser, Louis
245 _aLenin and philosophy, and other essays /
_cby Louis Althusser ; translated by Ben Brewster
260 _aDelhi
_bAakar Books
_c2006
270 _a28E Pocket IV, Mayur Vihar, Phase I
_bDelhi
_e110091
300 _axvii, 173p.
_c24cm(pbk)
700 _aBrewster, Ben
942 _2ddc
_cEN
_h335.43
_mALT